000 00725nam a2200181Ia 4500
008 090124s9999 xx 000 0 und d
082 _b107540
100 _aकाळे दि. वि. (दिनकर विनायक)
245 _a राष्ट्रीय शिक्षणाचा ध्यास
250 _a1
260 _c1959
300 _a32
600 _aकाळे दि. वि. (दिनकर विनायक)
630 _a राष्ट्रीय शिक्षणाचा ध्यास
700 _aकाळे दि. वि. (दिनकर विनायक)
730 _a राष्ट्रीय शिक्षणाचा ध्यास
942 _cBOOK
999 _c153631
_d153631